|
|
|
|
| LEADER |
00000nam0a2200000 4500 |
| 001 |
27308 |
| 005 |
20231030202124.0 |
| 010 |
|
|
|a 5750201260
|
| 035 |
|
|
|a (RuTPU)RU\TPU\book\27557
|
| 035 |
|
|
|a BOOK00027632
|
| 090 |
|
|
|a 27308
|
| 100 |
|
|
|a 20011209d2000 km y0rusy50 ca
|
| 101 |
1 |
|
|a rus
|c eng
|
| 102 |
|
|
|a RU
|
| 105 |
|
|
|a a g 001zy
|
| 200 |
1 |
|
|a Руководство администратора Microsoft SQL Server 7.0
|f Дж. Фронковяк, М. Гарсиа, Э. Уолен
|
| 210 |
|
|
|a Москва
|c Русская Редакция
|d 2000
|
| 215 |
|
|
|a 672 с.
|c ил.
|
| 225 |
1 |
|
|a Microsoft для профессионалов
|
| 610 |
1 |
|
|a программирование
|
| 610 |
1 |
|
|a базы данных
|
| 610 |
1 |
|
|a SQL Server 7.0
|
| 610 |
1 |
|
|a инструментальные средства
|
| 610 |
1 |
|
|a администраторы
|
| 610 |
1 |
|
|a языки программирования
|
| 610 |
1 |
|
|a Transact-SQL
|
| 675 |
|
|
|a 681.3.016
|v 3
|
| 700 |
|
1 |
|a Фронковяк
|b Дж.
|g Джон
|
| 701 |
|
1 |
|a Гарсиа
|b М.
|g Марсилина
|
| 701 |
|
1 |
|a Уолен
|b Э.
|g Эдвард
|
| 801 |
|
0 |
|a RU
|b 63413507
|c 20011209
|g PSBO
|
| 801 |
|
2 |
|a RU
|b 63413507
|c 20050916
|g PSBO
|
| 942 |
|
|
|c BK
|